000 00787nam a2200205Ia 4500
008 0000001990 sp a 0000000000spa00
090 _aPSP00 C14c1
100 1 _aCalvo, Carmen
_d1950
245 1 0 _aCarmen Calvo
_b: pinturas y montajes
_c/ fotografías J.(v Monzó
300 _a[20] p.
_c/ 27 cm.
500 _aExposición realizada en Gamarra & Garrigues, Madrid, Diciembre 1989 Enero 1990 \ Con el patronazgo del maestro venezolano Jesús Rafael Soto (q.e.p.d.) \
600 0 0 _aCALVO, CARMEN, 1950/
_xTRABAJOS PICTORICOS
650 1 4 _aARTISTAS PLASTICOS ESPAÑOLES
650 1 4 _xCATALOGOS
650 1 4 _aENSAMBLAJE (ARTE)
650 1 4 _xEXPOSICIONES
650 1 4 _aPINTURA ESPAÑOLA
700 1 _aMonzo, J. (v
999 _c5048
_d5048
260 _aMadrid : Gamarra Garrigues
_c1990